Niektoré otázky miery a topológie na logike : Kand.diz.práca : V.odb. 11-04-9 : Obh. 07.05.1987 /

Guardado en:
Detalles Bibliográficos
Autor principal: Palko, Vladimír (Autor)
Otros Autores: Riečanová, Zdena (Orientador)
Formato: Manuscrito Libro
Publicado: Bratislava : SVŠT v Bratislave EF, 1986
Materias:
Etiquetas: Agregar Etiqueta
Sin Etiquetas, Sea el primero en etiquetar este registro!

MARC

LEADER 00000ntm a22000003a 4500
001 stu4437
005 20150617225809.7
008 ------s1986----------------------------d
040 |a STU  |b slo 
041 0
100 1 |a Palko, Vladimír  |4 aut 
245 1 |a Niektoré otázky miery a topológie na logike :  |b Kand.diz.práca : V.odb. 11-04-9 : Obh. 07.05.1987 /  |c [aut.] Palko,Vladimír, RNDr.; Škol. Riečanová,Zdena 
260 |a Bratislava :  |b SVŠT v Bratislave EF,  |c 1986 
300 |a 70 s  |c Autoref.1986, 15 s 
650 7 |a matematická analýza  |2 stusub 
700 1 |a Riečanová, Zdena  |4 ths 
996 |b 284ED00607  |c E*KDIZ-516  |l EE01  |s A  |a 24  |w stu4437_0001